00396 a2200145 4500003000400000005001700004008004100021020001800062040000900080082001500089100002500104245006500129260004600194300001000240OSt20240816154035.0231019b |||||||| |||| 00| 0 eng d a9788193633427 coclc a297bBEK/N aBek, Muhammed Khudri aNOORUL YAQEEN bPravachaka Charithram /cMuhammed Khudri Bek aTirurangadi:bAshrafi book centre,c2013. a366 p